| 000 | 00742nam a2200277Ia 4500 | ||
|---|---|---|---|
| 008 | 181129s9999 xx 000 0 und d | ||
| 020 | _a9780531238226 | ||
| 050 | _a570 | ||
| 050 | _bC524 2008 | ||
| 100 | _aCheshire, Gerard | ||
| 245 | 0 | _aLiving world : | |
| 245 | 0 | _bexplore the amazing variety of the living world, from the deadliest animal to the oldest living tree / | |
| 245 | 0 | _cby Gerard Cheshire. | |
| 260 | _aNew York, NY : | ||
| 260 | _bChildren's Press, | ||
| 260 | _c2008 | ||
| 300 | _a32 pages : | ||
| 300 | _bcolor illustrations ; | ||
| 300 | _c27cm. | ||
| 440 | _aWow! World of Wonder. | ||
| 500 | _a920L | ||
| 650 | _aBiology. | ||
| 650 | _aNatural history. | ||
| 700 | _aSeries. | ||
| 700 | _aTitle. | ||
| 999 |
_c360028 _d360028 |
||